The Moons of Neptune - Statistics

General Stats
  • This quiz has been taken 129 times
  • The average score is 10 of 14
Answer Stats
Hint Answer % Correct
2705km Triton
100%
44km Sao
83%
420km Proteus
80%
40km Psamathe
80%
340km Nereid
78%
60km Neso
78%
66km Naiad
73%
80km Thalassa
73%
176km Galatea
70%
194km Larissa
70%
18km Hippocamp
68%
150km Despina
65%
62km Halimede
65%
42km Laomedeia
63%
No matching quizzes found
Score Distribution
Percent of People with Each Score
Percentile by Number Answered
Your Score History
You have not taken this quiz